Comparative study of the motor fitness of boxing, tae-kwondo and judo players of Manipur (Record no. 11824)

MARC details
000 -LEADER
fixed length control field 00587nam a2200193Ia 4500
082 ## - DEWEY DECIMAL CLASSIFICATION NUMBER
Classification number TS.0998
100 ## - MAIN ENTRY--AUTHOR NAME
Personal name Singh, Chongtham Pradeep
245 #0 - TITLE STATEMENT
Title Comparative study of the motor fitness of boxing, tae-kwondo and judo players of Manipur
260 ## - PUBLICATION, DISTRIBUTION, ETC. (IMPRINT)
Year of publication 2007
Name of publisher Manipur University, Canchipur
300 ## - PHYSICAL DESCRIPTION
Number of Pages 112
650 ## - SUBJECT ADDED ENTRY--TOPICAL TERM
Topical Term Games
Geographic subdivision Manipur
650 ## - SUBJECT ADDED ENTRY--TOPICAL TERM
Topical Term Muscle strength
Geographic subdivision Manipur
650 ## - SUBJECT ADDED ENTRY--TOPICAL TERM
Topical Term Boxing Players
Geographic subdivision Manipur
650 ## - SUBJECT ADDED ENTRY--TOPICAL TERM
Topical Term Judo players
Geographic subdivision Manipur
650 ## - SUBJECT ADDED ENTRY--TOPICAL TERM
Topical Term Tae-Kwondo players
Geographic subdivision Manipur
650 ## - SUBJECT ADDED ENTRY--TOPICAL TERM
Topical Term Motor ability
Geographic subdivision Manipur
710 ## - ADDED ENTRY--CORPORATE NAME
Corporate name or jurisdiction name as entry element Singh, S. Ranjit
942 ## - ADDED ENTRY ELEMENTS (KOHA)
Koha item type Thesis
Source of classification or shelving scheme Dewey Decimal Classification
Holdings
Withdrawn status Lost status Damaged status Not for loan Home library Current library Date acquired Source of acquisition Bill Date Full call number Accession Number Price effective from Koha item type
        NASSDOC Library NASSDOC Library 24/04/2009 AUTH 2009-02-27 TS.0998 45341 18/04/2019 Thesis